000 00622nam a2200241Ia 4500
005 20250425162030.0
008 250425s9999 xx 000 0 und d
020 _a0881733365
041 _aeng
082 _a697
100 _aSIOROS, DONNA
245 0 _aBUILDING FOR THE 21ST CENTURY: ENERGY & THE ENVIRONMENT
250 _aS.E.
260 _aSin Pais
_bTHE FAIRMONT PRESS
_c2000
300 _a477
650 _aAIRE ACONDICIONADO
650 _aCONSERVACION DE ENERGIA
650 _aENERGIA TERMICA
650 _aPLANTAS INDUSTRIALES
650 _aTECNOLOGIA APROPIADA
942 _c01
010 _a41358
999 _c220984
_d220984